Normal view
MARC view
Entry Personal Name
001 - CONTROL NUMBER
- control field: 157380
003 - CONTROL NUMBER IDENTIFIER
- control field: OSt
005 - DATE AND TIME OF LATEST TRANSACTION
- control field: 20220923211031.0
008 - FIXED-LENGTH DATA ELEMENTS
- fixed length control field: 220923|| aca||aabn | a|a d
040 ## - CATALOGING SOURCE
- Original cataloging agency: OSt
- Transcribing agency: OSt
100 ## - HEADING--PERSONAL NAME
- Personal name: माथुर, राजेन्द्र; मेहता, आलोक, संपा
670 ## - SOURCE DATA FOUND
- Source citation: Work cat.: (OSt)294239: माथुर, राजेन्द्र; मेहता, आलोक, संपा., सपनों में बनता देश, 2007
